| 000 | 00621nam a22001937a 4500 | ||
|---|---|---|---|
| 005 | 20170530135518.0 | ||
| 008 | 140623t mxu||||| |||| 00| 0 spa d | ||
| 050 | 4 |
_aBF175 _bG46 1955 |
|
| 100 | 1 | _aGemelli, Agostino | |
| 245 | 1 | 3 |
_aEl Psicólogo ante los problemas de la psiquiatría / _cRobles, Oswaldo tr. |
| 250 | _a1a ed. | ||
| 260 |
_aMexico: _bUNAM; _c1955 |
||
| 300 |
_a95 p. ; _c18 cm. |
||
| 490 |
_aFilosofia y Letras ; _vno. 2 |
||
| 504 | _aInlcuye bibliografias | ||
| 650 | 4 |
_aPsicologia Patologica _xPsiquiatria--Discursos, ensayos, conferencias |
|
| 700 | _aRobles, Oswaldo tr. | ||
| 942 |
_2ddc _cLIB |
||
| 999 |
_c61200 _d61200 |
||